[Event "Aars"]
[Site "Aars"]
[Date "1995.??.??"]
[Round "1"]
[White "Grabow, Pouelsten Holm"]
[Black "Nielsen, Peter Heine"]
[Result "0-1"]
[WhiteElo "2270"]
[BlackElo "2500"]
[PlyCount "75"]
[EventDate "1995.10.??"]
[EventType "tourn"]
[EventRounds "9"]
[EventCountry "DEN"]
[EventCategory "9"]
[SourceTitle "SE base"]
[Source "ABZ"]
[SourceDate "2005.05.09"]
[SourceVersion "1"]
[SourceVersionDate "2005.05.09"]
[SourceQuality "1"]

1. c4 Nf6 2. g3 c6 3. Bg2 d5 4. cxd5 cxd5 5. d4 g6 6. Nc3 Bg7 7. Nf3 O-O 8. O-O
Ne4 9. Bf4 Nxc3 10. bxc3 Nc6 11. Rc1 Na5 12. Re1 b6 13. Nd2 Bb7 14. e4 dxe4 15.
Nxe4 Rc8 16. h4 h6 17. Qe2 Qd7 18. Bf3 Bd5 19. Nd2 e6 20. c4 Bc6 21. Ne4 Bxe4
22. Bxe4 Qxd4 23. Red1 Qf6 24. Rd7 e5 25. Bd2 Nc6 26. Bxc6 Rxc6 27. Rxa7 Rfc8
28. Be3 Qe6 29. Ra6 f5 30. Qf1 Rf8 31. f3 f4 32. gxf4 exf4 33. Bf2 g5 34. Re1
Qg6 35. Kh2 Rd8 36. c5 bxc5 37. Qc4+ Kh8 38. Re4 0-1

[Event "Aars"]
[Site "Aars"]
[Date "1995.??.??"]
[Round "1"]
[White "Hansen, Sune Berg"]
[Black "Ivanov, Mikhail M"]
[Result "0-1"]
[WhiteElo "2490"]
[BlackElo "2445"]
[PlyCount "52"]
[EventDate "1995.10.??"]
[EventType "tourn"]
[EventRounds "9"]
[EventCountry "DEN"]
[EventCategory "9"]
[SourceTitle "SE base"]
[Source "ABZ"]
[SourceDate "2005.05.09"]
[SourceVersion "1"]
[SourceVersionDate "2005.05.09"]
[SourceQuality "1"]

1. e4 c5 2. Nf3 e6 3. Nc3 a6 4. d4 cxd4 5. Nxd4 b5 6. Be2 d6 7. a4 b4 8. Na2
Nf6 9. Bf3 e5 10. O-O Ra7 11. Nb3 Rb7 12. Bg5 Be7 13. c3 bxc3 14. Nxc3 O-O 15.
Bxf6 Bxf6 16. Nd5 Bg5 17. Ra3 Nc6 18. Be2 Nb4 19. Bc4 Be6 20. Qe2 Bxd5 21. exd5
a5 22. Nc1 Qb6 23. Rc3 f5 24. Kh1 Bf6 25. Rh3 Re7 26. Qd2 Qd4 0-1

[Event "Aars"]
[Site "Aars"]
[Date "1995.??.??"]
[Round "1"]
[White "Kristensen, Jorgen Juul"]
[Black "Hansen, Curt"]
[Result "1-0"]
[WhiteElo "2335"]
[BlackElo "2635"]
[PlyCount "81"]
[EventDate "1995.10.??"]
[EventType "tourn"]
[EventRounds "9"]
[EventCountry "DEN"]
[EventCategory "9"]
[SourceTitle "SE base"]
[Source "ABZ"]
[SourceDate "2005.05.09"]
[SourceVersion "1"]
[SourceVersionDate "2005.05.09"]
[SourceQuality "1"]

1. e4 c5 2. Nf3 d6 3. d4 cxd4 4. Nxd4 Nf6 5. Nc3 a6 6. Be2 e6 7. O-O Be7 8. f4
O-O 9. Be3 Qc7 10. Kh1 b5 11. Bf3 Bb7 12. e5 dxe5 13. fxe5 Nfd7 14. Bf4 Nc6 15.
Nxc6 Bxc6 16. Qe2 Rac8 17. Rad1 Nb6 18. Ne4 Kh8 19. c3 Bd5 20. Nd6 Bxd6 21.
exd6 Qd7 22. Bxd5 Nxd5 23. Bg3 Rc4 24. Rde1 Kg8 25. h3 h6 26. Rf3 Rfc8 27. Bh2
a5 28. Qe5 Re8 29. Rd3 Ne7 30. Qe2 Ng6 31. Rd4 Rxd4 32. cxd4 Rc8 33. Qd2 a4 34.
Rc1 Rc6 35. Rc5 Nf8 36. Qc3 Rb6 37. Rc7 b4 38. Qc5 Qb5 39. Rc8 Qf1+ 40. Bg1 Rb5
41. Rxf8+ 1-0

[Event "Aars"]
[Site "Aars"]
[Date "1995.??.??"]
[Round "1"]
[White "Shneider, Aleksandr"]
[Black "Gausel, Einar"]
[Result "1/2-1/2"]
[WhiteElo "2530"]
[BlackElo "2495"]
[PlyCount "41"]
[EventDate "1995.10.??"]
[EventType "tourn"]
[EventRounds "9"]
[EventCountry "DEN"]
[EventCategory "9"]
[SourceTitle "SE base"]
[Source "ABZ"]
[SourceDate "2005.05.09"]
[SourceVersion "1"]
[SourceVersionDate "2005.05.09"]
[SourceQuality "1"]

1. d4 Nf6 2. c4 e6 3. Nc3 Bb4 4. Qc2 O-O 5. a3 Bxc3+ 6. Qxc3 b6 7. Bg5 c5 8.
dxc5 bxc5 9. e3 Nc6 10. Bd3 Rb8 11. Ne2 Qa5 12. Bxf6 gxf6 13. O-O-O Kg7 14. g4
Ba6 15. Qxa5 Nxa5 16. Ng3 Bxc4 17. Nh5+ Kh8 18. Nxf6 Rb7 19. Bxc4 Nxc4 20. Nxd7
Rc8 21. Kc2 1/2-1/2

[Event "Aars"]
[Site "Aars"]
[Date "1995.??.??"]
[Round "2"]
[White "Gausel, Einar"]
[Black "Kristensen, Jorgen Juul"]
[Result "1-0"]
[WhiteElo "2495"]
[BlackElo "2335"]
[PlyCount "78"]
[EventDate "1995.10.??"]
[EventType "tourn"]
[EventRounds "9"]
[EventCountry "DEN"]
[EventCategory "9"]
[SourceTitle "SE base"]
[Source "ABZ"]
[SourceDate "2005.05.09"]
[SourceVersion "1"]
[SourceVersionDate "2005.05.09"]
[SourceQuality "1"]

1. d4 Nf6 2. Nf3 g6 3. Bf4 Bg7 4. e3 d6 5. h3 O-O 6. Be2 Nbd7 7. O-O Qe8 8. c4
e5 9. Bh2 b6 10. Nc3 a6 11. a4 Bb7 12. a5 Qe7 13. axb6 cxb6 14. Qb3 Ne4 15.
Nxe4 Bxe4 16. Rfe1 Rfe8 17. Nd2 Bb7 18. Bf3 e4 19. Be2 Rac8 20. Nb1 Kh8 21. Nc3
f5 22. Nd5 Bxd5 23. cxd5 a5 24. Rac1 g5 25. Rc6 f4 26. exf4 a4 27. Qc2 Rcd8 28.
fxg5 Qxg5 29. Rxd6 e3 30. Bf3 Rf8 31. Qe2 exf2+ 32. Qxf2 Nf6 33. Rxd8 Rxd8 34.
d6 Rf8 35. Qe2 b5 36. Bc6 Nd5 37. Bxd5 Qxd5 38. Be5 Rg8 39. Bxg7+ Rxg7 1-0

[Event "Aars"]
[Site "Aars"]
[Date "1995.??.??"]
[Round "2"]
[White "Hansen, Curt"]
[Black "Grabow, Pouelsten Holm"]
[Result "1-0"]
[WhiteElo "2635"]
[BlackElo "2270"]
[PlyCount "63"]
[EventDate "1995.10.??"]
[EventType "tourn"]
[EventRounds "9"]
[EventCountry "DEN"]
[EventCategory "9"]
[SourceTitle "SE base"]
[Source "ABZ"]
[SourceDate "2005.05.09"]
[SourceVersion "1"]
[SourceVersionDate "2005.05.09"]
[SourceQuality "1"]

1. d4 d5 2. c4 c6 3. Nc3 Nf6 4. Nf3 g6 5. cxd5 cxd5 6. Bf4 Nc6 7. e3 a6 8. Ne5
Bg7 9. Be2 O-O 10. O-O Qb6 11. a3 Rd8 12. Na4 Qa7 13. Nxc6 bxc6 14. Rc1 Bd7 15.
Nc5 a5 16. Rc3 Ne8 17. Qa4 f6 18. Rb3 Nd6 19. Bxd6 exd6 20. Rb7 dxc5 21. Rxa7
Rxa7 22. dxc5 Rda8 23. e4 dxe4 24. Qxe4 Re8 25. Qc4+ Kh8 26. Bf3 f5 27. b4 axb4
28. axb4 Ra1 29. Rxa1 Bxa1 30. g3 Kg7 31. Qa6 Bf6 32. Bxc6 1-0

[Event "Aars"]
[Site "Aars"]
[Date "1995.??.??"]
[Round "2"]
[White "Hansen, Sune Berg"]
[Black "Shneider, Aleksandr"]
[Result "1/2-1/2"]
[WhiteElo "2490"]
[BlackElo "2530"]
[PlyCount "85"]
[EventDate "1995.10.??"]
[EventType "tourn"]
[EventRounds "9"]
[EventCountry "DEN"]
[EventCategory "9"]
[SourceTitle "SE base"]
[Source "ABZ"]
[SourceDate "2005.05.09"]
[SourceVersion "1"]
[SourceVersionDate "2005.05.09"]
[SourceQuality "1"]

1. e4 c5 2. Nf3 d6 3. d4 cxd4 4. Nxd4 Nf6 5. Nc3 a6 6. a4 e5 7. Nf3 Be7 8. Bc4
Be6 9. Bxe6 fxe6 10. O-O O-O 11. Ng5 Qd7 12. f4 exf4 13. Bxf4 h6 14. Nh3 Nc6
15. Nf2 d5 16. e5 Nh7 17. Nd3 Nb4 18. Kh1 Rf7 19. Nxb4 Bxb4 20. Ne2 Raf8 21.
Rf3 Bc5 22. Qd3 Rf5 23. c4 Ng5 24. Bxg5 Rxg5 25. Nf4 Rxe5 26. cxd5 exd5 27. Rd1
Qxa4 28. Nxd5 Rxf3 29. gxf3 Qh4 30. Nc3 Re1+ 31. Rxe1 Qxe1+ 32. Kg2 Qe3 33.
Qc4+ Kh8 34. Ne4 Bd4 35. Qc8+ Kh7 36. Qf5+ Kg8 37. Qc8+ Kh7 38. Qf5+ Kh8 39.
Qf8+ Kh7 40. Qf5+ Kg8 41. Qc8+ Kh7 42. Qf5+ Kg8 43. Qc8+ 1/2-1/2

[Event "Aars"]
[Site "Aars"]
[Date "1995.??.??"]
[Round "2"]
[White "Ivanov, Mikhail M"]
[Black "Larsen, Bent"]
[Result "0-1"]
[WhiteElo "2445"]
[BlackElo "2515"]
[PlyCount "82"]
[EventDate "1995.10.??"]
[EventType "tourn"]
[EventRounds "9"]
[EventCountry "DEN"]
[EventCategory "9"]
[SourceTitle "SE base"]
[Source "ABZ"]
[SourceDate "2005.05.09"]
[SourceVersion "1"]
[SourceVersionDate "2005.05.09"]
[SourceQuality "1"]

1. d4 e6 2. c4 Bb4+ 3. Nd2 d5 4. Ngf3 Nf6 5. a3 Be7 6. g3 O-O 7. Bg2 a5 8. O-O
Nbd7 9. Qc2 c5 10. cxd5 exd5 11. dxc5 Nxc5 12. Nd4 Bd7 13. N2f3 Rc8 14. Be3 Ng4
15. Bd2 Bf6 16. Rac1 Ne4 17. Qd3 Qb6 18. h3 Ngxf2 19. Rxf2 Nxd2 20. Qxd2 Rxc1+
21. Qxc1 Bxd4 22. Nxd4 Qxd4 23. Qc7 Bc6 24. Qxa5 Qxb2 25. Qc5 Qb3 26. Rf3 Qc4
27. Qxc4 dxc4 28. Rc3 Bxg2 29. Kxg2 b5 30. Kf2 f6 31. Ke3 Rd8 32. Rc2 Kf7 33.
Rb2 Rd5 34. a4 bxa4 35. Rb7+ Kg6 36. Ra7 Re5+ 37. Kf3 c3 38. Rxa4 Rc5 39. Ra1
c2 40. Rc1 Kf5 41. Ke3 Rc3+ 0-1

[Event "Aars"]
[Site "Aars"]
[Date "1995.??.??"]
[Round "2"]
[White "Nielsen, Peter Heine"]
[Black "Brynell, Stellan"]
[Result "1-0"]
[WhiteElo "2500"]
[BlackElo "2460"]
[PlyCount "167"]
[EventDate "1995.10.??"]
[EventType "tourn"]
[EventRounds "9"]
[EventCountry "DEN"]
[EventCategory "9"]
[SourceTitle "SE base"]
[Source "ABZ"]
[SourceDate "2005.05.09"]
[SourceVersion "1"]
[SourceVersionDate "2005.05.09"]
[SourceQuality "1"]

1. Nf3 Nf6 2. g3 c5 3. Bg2 g6 4. O-O Bg7 5. d4 cxd4 6. Nxd4 O-O 7. c4 Nc6 8.
Nc3 Ng4 9. e3 d6 10. h3 Nge5 11. b3 Nxd4 12. exd4 Nc6 13. Be3 a6 14. Rc1 Rb8
15. Re1 Re8 16. d5 Ne5 17. Ba7 Ra8 18. Bd4 Nd7 19. Bxg7 Kxg7 20. Qd4+ Kg8 21.
Ne4 b5 22. cxb5 axb5 23. Rc2 Bb7 24. Rce2 Ra6 25. Nc3 Rb6 26. Re3 b4 27. Na4
Rb5 28. Qc4 Ba6 29. Qh4 Bb7 30. Qc4 Ba6 31. Qc6 Nb8 32. Qxe8+ Qxe8 33. Rxe7 Qf8
34. Re8 Bb7 35. Rxf8+ Kxf8 36. Rd1 Nd7 37. Rd4 Nf6 38. Bf1 Rxd5 39. Rxb4 Bc6
40. Rc4 Be8 41. Nc3 Rd2 42. Rf4 Nh5 43. Rf3 Rc2 44. Rd3 Rc1 45. a4 Bd7 46. Ne2
Rb1 47. g4 Nf6 48. Rxd6 Be6 49. Nd4 Ke7 50. Rb6 Bd5 51. Nc6+ Kd7 52. Ne5+ Ke7
53. f3 Rxb3 54. Rxb3 Bxb3 55. a5 Kd6 56. f4 Ne4 57. Bg2 Nc5 58. Nd3 Na4 59. Kf2
f6 60. Ke3 Bc4 61. Nf2 f5 62. Kd4 Ba6 63. g5 Nc5 64. Bd5 Nd7 65. Bg8 Nb8 66.
Bxh7 Nc6+ 67. Ke3 Ne7 68. h4 Kc5 69. Nh1 Bb7 70. Nf2 Ba6 71. Bxg6 Nxg6 72. h5
Ne7 73. h6 Ng6 74. h7 Kd5 75. Ng4 Ke6 76. Ne5 Nh8 77. Kd4 Ke7 78. Kc5 Kf8 79.
Kb6 Bf1 80. a6 Bxa6 81. Kxa6 Kg7 82. g6 Nxg6 83. Nxg6 Kxh7 84. Nh4 1-0

[Event "Aars"]
[Site "Aars"]
[Date "1995.??.??"]
[Round "3"]
[White "Brynell, Stellan"]
[Black "Hansen, Curt"]
[Result "1/2-1/2"]
[WhiteElo "2460"]
[BlackElo "2635"]
[PlyCount "56"]
[EventDate "1995.10.??"]
[EventType "tourn"]
[EventRounds "9"]
[EventCountry "DEN"]
[EventCategory "9"]
[SourceTitle "SE base"]
[Source "ABZ"]
[SourceDate "2005.05.09"]
[SourceVersion "1"]
[SourceVersionDate "2005.05.09"]
[SourceQuality "1"]

1. d4 Nf6 2. c4 e6 3. Nc3 Bb4 4. e3 c5 5. Bd3 Nc6 6. Nf3 Bxc3+ 7. bxc3 d6 8.
O-O e5 9. Qc2 h6 10. d5 Ne7 11. Nd2 O-O 12. Rb1 b6 13. h3 Ne8 14. f4 f5 15. e4
exf4 16. exf5 Bxf5 17. Rxf4 Qd7 18. g4 Bxd3 19. Rxf8+ Kxf8 20. Qxd3 Nf6 21. Ne4
Nxe4 22. Qxe4 Kg8 23. Bf4 Rf8 24. Re1 Rf6 25. Bg3 Kf8 26. Rf1 Rxf1+ 27. Kxf1
Nc8 28. Kg2 Qf7 1/2-1/2

[Event "Aars"]
[Site "Aars"]
[Date "1995.??.??"]
[Round "3"]
[White "Grabow, Pouelsten Holm"]
[Black "Gausel, Einar"]
[Result "0-1"]
[WhiteElo "2270"]
[BlackElo "2495"]
[PlyCount "120"]
[EventDate "1995.10.??"]
[EventType "tourn"]
[EventRounds "9"]
[EventCountry "DEN"]
[EventCategory "9"]
[SourceTitle "SE base"]
[Source "ABZ"]
[SourceDate "2005.05.09"]
[SourceVersion "1"]
[SourceVersionDate "2005.05.09"]
[SourceQuality "1"]

1. c4 e6 2. e3 Nf6 3. Nf3 d5 4. b3 c5 5. Bb2 Nc6 6. cxd5 exd5 7. Bb5 Bd6 8. O-O
Bg4 9. Be2 O-O 10. d3 Re8 11. Nbd2 Bf5 12. Nh4 Bd7 13. g3 Ne5 14. Ng2 Bb5 15.
Nf3 Rc8 16. Rc1 Qd7 17. Nxe5 Bxe5 18. Bxe5 Rxe5 19. f4 Ree8 20. g4 Qd6 21. g5
Nd7 22. Qd2 f5 23. Nh4 g6 24. Nf3 d4 25. exd4 cxd4 26. Rxc8 Rxc8 27. Re1 Re8
28. Bf1 Rxe1 29. Qxe1 Bc6 30. Ne5 Nxe5 31. fxe5 Qd5 32. Qg3 a5 33. Bg2 Qxg2+
34. Qxg2 Bxg2 35. Kxg2 Kf7 36. Kf3 Ke6 37. Kf4 Kd5 38. e6 Kxe6 39. a3 Kd6 40.
Kg3 Ke6 41. Kf4 b6 42. Kf3 Kf7 43. Kf4 Kg7 44. Ke5 h6 45. gxh6+ Kxh6 46. Kxd4
g5 47. Ke5 f4 48. Ke4 Kg6 49. b4 a4 50. d4 Kf6 51. d5 Kg6 52. h3 Kf6 53. b5 Kg6
54. Kd3 Kf7 55. Kd4 Ke7 56. Kd3 Kd6 57. Kd4 f3 58. Ke3 Kxd5 59. Kxf3 Kc4 60.
Ke4 Kb3 0-1

[Event "Aars"]
[Site "Aars"]
[Date "1995.??.??"]
[Round "3"]
[White "Kristensen, Jorgen Juul"]
[Black "Hansen, Sune Berg"]
[Result "0-1"]
[WhiteElo "2335"]
[BlackElo "2490"]
[PlyCount "78"]
[EventDate "1995.10.??"]
[EventType "tourn"]
[EventRounds "9"]
[EventCountry "DEN"]
[EventCategory "9"]
[SourceTitle "SE base"]
[Source "ABZ"]
[SourceDate "2005.05.09"]
[SourceVersion "1"]
[SourceVersionDate "2005.05.09"]
[SourceQuality "1"]

1. e4 c5 2. Nf3 d6 3. d4 cxd4 4. Nxd4 Nf6 5. Nc3 g6 6. Be2 Bg7 7. O-O O-O 8.
Nb3 Nc6 9. Re1 Be6 10. Bf1 a5 11. a4 Nb4 12. Bg5 Rc8 13. Nd4 Bc4 14. Bxc4 Rxc4
15. Ndb5 Qc8 16. Qd2 h6 17. Bf4 g5 18. Bg3 Nh5 19. Rad1 Nxg3 20. hxg3 Qc5 21.
Re3 Rc8 22. Rf3 Qe5 23. Qe2 Qe6 24. Rd2 R4c5 25. Nd4 Bxd4 26. Rxd4 Nc6 27. Rd5
Rxd5 28. exd5 Qxe2 29. Nxe2 Nb4 30. Nd4 Nxd5 31. Nf5 Rxc2 32. Nxh6+ Kg7 33.
Nf5+ Kf8 34. b3 Nf6 35. Nd4 Rc1+ 36. Kh2 Ng4+ 37. Kh3 Ne5 38. Ne6+ Kg8 39. Nxg5
Rh1# 0-1

[Event "Aars"]
[Site "Aars"]
[Date "1995.??.??"]
[Round "3"]
[White "Larsen, Bent"]
[Black "Nielsen, Peter Heine"]
[Result "1/2-1/2"]
[WhiteElo "2515"]
[BlackElo "2500"]
[PlyCount "98"]
[EventDate "1995.10.??"]
[EventType "tourn"]
[EventRounds "9"]
[EventCountry "DEN"]
[EventCategory "9"]
[SourceTitle "SE base"]
[Source "ABZ"]
[SourceDate "2005.05.09"]
[SourceVersion "1"]
[SourceVersionDate "2005.05.09"]
[SourceQuality "1"]

1. e4 c5 2. f4 d5 3. exd5 Nf6 4. Bb5+ Bd7 5. Bxd7+ Qxd7 6. c4 e6 7. Qe2 Bd6 8.
d3 O-O 9. dxe6 fxe6 10. Nf3 Nc6 11. O-O Rae8 12. Nc3 e5 13. f5 Qxf5 14. Ne4
Nxe4 15. Qxe4 Qxe4 16. dxe4 Nd4 17. Rf2 Nxf3+ 18. Rxf3 Rxf3 19. gxf3 Be7 20.
Kf2 Rd8 21. Be3 Kf7 22. Ke2 b6 23. Rg1 Rd6 24. Bd2 Rg6 25. Rg4 Rxg4 26. fxg4
Ke6 27. a3 a6 28. Kd3 Kd6 29. Be1 Bg5 30. h4 Bf4 31. h5 g6 32. hxg6 hxg6 33.
Bh4 Bc1 34. Kc3 Be3 35. Bd8 Kc6 36. Bf6 Kd6 37. Kd3 Bc1 38. Kc2 Be3 39. Bg7 Bd4
40. Bh6 Kc6 41. Bc1 Kd6 42. b3 Bf2 43. Kd3 Bg3 44. Bh6 Bf4 45. Bf8+ Kc6 46. Kc2
a5 47. Be7 Kd7 48. Bf6 Kd6 49. Bd8 Kc6 1/2-1/2

[Event "Aars"]
[Site "Aars"]
[Date "1995.??.??"]
[Round "3"]
[White "Shneider, Aleksandr"]
[Black "Ivanov, Mikhail M"]
[Result "1-0"]
[WhiteElo "2530"]
[BlackElo "2445"]
[PlyCount "113"]
[EventDate "1995.10.??"]
[EventType "tourn"]
[EventRounds "9"]
[EventCountry "DEN"]
[EventCategory "9"]
[SourceTitle "SE base"]
[Source "ABZ"]
[SourceDate "2005.05.09"]
[SourceVersion "1"]
[SourceVersionDate "2005.05.09"]
[SourceQuality "1"]

1. d4 Nf6 2. c4 g6 3. Nf3 Bg7 4. g3 O-O 5. Bg2 d5 6. O-O dxc4 7. Na3 Nc6 8.
Nxc4 Be6 9. b3 Bd5 10. Bb2 a5 11. Rc1 Ra6 12. a4 e6 13. e3 Ne7 14. Ba3 Re8 15.
Qe1 b6 16. Qe2 Ra7 17. Nfe5 Bxg2 18. Kxg2 Qa8+ 19. Kg1 Nfd5 20. Qf3 f6 21. Nd3
Nc6 22. Nd2 Bf8 23. Bxf8 Rxf8 24. Nf4 Nxf4 25. Rxc6 Nh3+ 26. Kh1 Ng5 27. Qg2
Qe8 28. Ne4 Qd7 29. Rfc1 Nxe4 30. Qxe4 Re8 31. Qf4 e5 32. Qxf6 exd4 33. Qxd4
Qxd4 34. exd4 Rd8 35. R1c4 Rd7 36. Kg2 Kf7 37. Kf3 Re7 38. d5 Ke8 39. Re4 Kd7
40. Rxe7+ Kxe7 41. h4 Kd7 42. h5 gxh5 43. Rh6 Ra8 44. Rxh7+ Kd6 45. Rxh5 Kc5
46. Re5 Kd4 47. Re7 Rc8 48. g4 Kxd5 49. g5 c5 50. g6 c4 51. bxc4+ Kxc4 52. g7
Rg8 53. Ke4 b5 54. axb5 a4 55. Kf5 a3 56. Ra7 Kxb5 57. Kg6 1-0

[Event "Aars"]
[Site "Aars"]
[Date "1995.??.??"]
[Round "4"]
[White "Gausel, Einar"]
[Black "Brynell, Stellan"]
[Result "1-0"]
[WhiteElo "2495"]
[BlackElo "2460"]
[PlyCount "79"]
[EventDate "1995.10.??"]
[EventType "tourn"]
[EventRounds "9"]
[EventCountry "DEN"]
[EventCategory "9"]
[SourceTitle "SE base"]
[Source "ABZ"]
[SourceDate "2005.05.09"]
[SourceVersion "1"]
[SourceVersionDate "2005.05.09"]
[SourceQuality "1"]

1. Nf3 Nf6 2. c4 c5 3. g3 Nc6 4. Bg2 d5 5. O-O d4 6. d3 e5 7. e3 dxe3 8. Bxe3
Be7 9. Nc3 O-O 10. Qb3 Nd4 11. Bxd4 cxd4 12. Nd5 Nxd5 13. cxd5 Bd6 14. Rfe1 Re8
15. Nd2 Rb8 16. a4 Bf5 17. Nc4 Qd7 18. Rac1 Bg6 19. Re2 f6 20. Rec2 Bf8 21. Na5
Bd6 22. Nc4 Bf8 23. Nd2 Bd6 24. Ne4 Bxe4 25. dxe4 Rbc8 26. h4 Rxc2 27. Rxc2 Kf8
28. Kh2 Rb8 29. Bh3 Qd8 30. Be6 g6 31. Qf3 Kg7 32. h5 Qa5 33. Kg2 Qxa4 34. Rc1
Rf8 35. Rh1 Qc2 36. hxg6 h6 37. Bg4 Qc7 38. Qf5 Bb4 39. Rxh6 Rh8 40. Rxh8 1-0

[Event "Aars"]
[Site "Aars"]
[Date "1995.??.??"]
[Round "4"]
[White "Ivanov, Mikhail M"]
[Black "Nielsen, Peter Heine"]
[Result "1/2-1/2"]
[WhiteElo "2445"]
[BlackElo "2500"]
[PlyCount "32"]
[EventDate "1995.10.??"]
[EventType "tourn"]
[EventRounds "9"]
[EventCountry "DEN"]
[EventCategory "9"]
[SourceTitle "SE base"]
[Source "ABZ"]
[SourceDate "2005.05.09"]
[SourceVersion "1"]
[SourceVersionDate "2005.05.09"]
[SourceQuality "1"]

1. Nf3 c5 2. c4 g6 3. d4 cxd4 4. Nxd4 Bg7 5. e4 Nc6 6. Be3 Nf6 7. Nc3 Ng4 8.
Qxg4 Nxd4 9. Qd1 Ne6 10. Rc1 Qa5 11. Qd5 Bxc3+ 12. Rxc3 Qxa2 13. Bc1 Qa4 14.
Be2 d6 15. O-O Qc6 16. b3 a5 1/2-1/2

[Event "Aars"]
[Site "Aars"]
[Date "1995.??.??"]
[Round "4"]
[White "Shneider, Aleksandr"]
[Black "Kristensen, Jorgen Juul"]
[Result "1-0"]
[WhiteElo "2530"]
[BlackElo "2335"]
[PlyCount "91"]
[EventDate "1995.10.??"]
[EventType "tourn"]
[EventRounds "9"]
[EventCountry "DEN"]
[EventCategory "9"]
[SourceTitle "SE base"]
[Source "ABZ"]
[SourceDate "2005.05.09"]
[SourceVersion "1"]
[SourceVersionDate "2005.05.09"]
[SourceQuality "1"]

1. d4 Nf6 2. c4 g6 3. Nc3 Bg7 4. Nf3 O-O 5. g3 d6 6. Bg2 Nbd7 7. O-O e5 8. e4
c6 9. h3 Re8 10. Re1 exd4 11. Nxd4 Nc5 12. Nb3 Be6 13. Bf1 Nxb3 14. axb3 Qc7
15. Bf4 Red8 16. Rc1 Nh5 17. Bg5 Re8 18. g4 Nf6 19. Bf4 Rad8 20. c5 h5 21. cxd6
Qd7 22. e5 Nd5 23. Nxd5 Bxd5 24. Bc4 Bxc4 25. bxc4 f6 26. exf6 Bxf6 27. Qd3 Kg7
28. gxh5 gxh5 29. Kh2 Bxb2 30. Rb1 Bf6 31. Rg1+ Kh8 32. Qg6 Qg7 33. Qxh5+ Qh7
34. Qxh7+ Kxh7 35. Rxb7+ Kh8 36. Rf7 Bd4 37. Rf5 Rd7 38. c5 Re2 39. Rh5+ Rh7
40. Rxh7+ Kxh7 41. d7 Bf6 42. Rd1 Bd8 43. Be3 Kg7 44. Rd6 Kf7 45. Rxc6 Ke7 46.
Bg5+ 1-0

[Event "Aars"]
[Site "Aars"]
[Date "1995.??.??"]
[Round "5"]
[White "Brynell, Stellan"]
[Black "Hansen, Sune Berg"]
[Result "1/2-1/2"]
[WhiteElo "2460"]
[BlackElo "2490"]
[PlyCount "37"]
[EventDate "1995.10.??"]
[EventType "tourn"]
[EventRounds "9"]
[EventCountry "DEN"]
[EventCategory "9"]
[SourceTitle "SE base"]
[Source "ABZ"]
[SourceDate "2005.05.09"]
[SourceVersion "1"]
[SourceVersionDate "2005.05.09"]
[SourceQuality "1"]

1. d4 Nf6 2. c4 e6 3. Nc3 d5 4. Bg5 Be7 5. e3 h6 6. Bh4 O-O 7. Nf3 Ne4 8. Bxe7
Qxe7 9. Rc1 c6 10. Bd3 Nxc3 11. Rxc3 Nd7 12. cxd5 exd5 13. O-O Re8 14. Qb1 Nf6
15. b4 Ne4 16. Bxe4 dxe4 17. Nd2 Be6 18. Nxe4 Bf5 19. f3 1/2-1/2

[Event "Aars"]
[Site "Aars"]
[Date "1995.??.??"]
[Round "5"]
[White "Grabow, Pouelsten Holm"]
[Black "Shneider, Aleksandr"]
[Result "1/2-1/2"]
[WhiteElo "2270"]
[BlackElo "2530"]
[PlyCount "91"]
[EventDate "1995.10.??"]
[EventType "tourn"]
[EventRounds "9"]
[EventCountry "DEN"]
[EventCategory "9"]
[SourceTitle "SE base"]
[Source "ABZ"]
[SourceDate "2005.05.09"]
[SourceVersion "1"]
[SourceVersionDate "2005.05.09"]
[SourceQuality "1"]

1. c4 Nf6 2. g3 e6 3. Bg2 d5 4. cxd5 exd5 5. Nf3 Bd6 6. O-O O-O 7. Nc3 Re8 8.
d4 c6 9. Qc2 Nbd7 10. a3 a5 11. Nh4 Nf8 12. h3 Ng6 13. Nxg6 hxg6 14. Bg5 Bf5
15. Qd2 Qd7 16. Bxf6 gxf6 17. g4 Be6 18. f4 f5 19. g5 b5 20. e3 Reb8 21. Rfc1
Qe7 22. Ne2 Bd7 23. h4 a4 24. Kf2 b4 25. axb4 Bxb4 26. Nc3 Kg7 27. Rc2 Rh8 28.
Rh1 a3 29. bxa3 Rxa3 30. Qc1 Rb3 31. Bf3 Ra8 32. Nd1 Rh8 33. h5 gxh5 34. Rxh5
Rxh5 35. Bxh5 f6 36. g6 Bd6 37. Rc3 Rb8 38. Qd2 Rh8 39. Qe2 c5 40. dxc5 Bxc5
41. Kg3 Bd6 42. Qf3 Qe4 43. Nf2 Qxf3+ 44. Bxf3 Kxg6 45. Bxd5 Re8 46. Kf3
1/2-1/2

[Event "Aars"]
[Site "Aars"]
[Date "1995.??.??"]
[Round "5"]
[White "Kristensen, Jorgen Juul"]
[Black "Ivanov, Mikhail M"]
[Result "0-1"]
[WhiteElo "2335"]
[BlackElo "2445"]
[PlyCount "102"]
[EventDate "1995.10.??"]
[EventType "tourn"]
[EventRounds "9"]
[EventCountry "DEN"]
[EventCategory "9"]
[SourceTitle "SE base"]
[Source "ABZ"]
[SourceDate "2005.05.09"]
[SourceVersion "1"]
[SourceVersionDate "2005.05.09"]
[SourceQuality "1"]

1. e4 g6 2. d4 Bg7 3. Nc3 c6 4. Bc4 d6 5. Qf3 e6 6. Nge2 b5 7. Bd3 e5 8. dxe5
dxe5 9. a4 b4 10. Nd1 Nf6 11. Bg5 h6 12. Bh4 O-O 13. O-O Be6 14. h3 Nbd7 15.
Ne3 Nc5 16. Rfd1 Qe7 17. Ng4 g5 18. Nxf6+ Qxf6 19. Qxf6 Bxf6 20. Bg3 Rfd8 21.
f3 Rd7 22. Bf2 Be7 23. Ng3 Rad8 24. Nf5 Bxf5 25. exf5 Nxd3 26. Rxd3 Rxd3 27.
cxd3 c5 28. Rc1 Rd5 29. Kf1 Rxd3 30. Bxc5 Bxc5 31. Rxc5 Rb3 32. Rc2 Kg7 33. Kf2
Kf6 34. Rc6+ Kg7 35. Rc2 h5 36. g3 h4 37. g4 e4 38. fxe4 Rxh3 39. Rc7 Kf6 40.
Rc5 Rh2+ 41. Kf3 Rxb2 42. e5+ Kg7 43. e6 fxe6 44. fxe6 Kf6 45. Rxg5 Kxe6 46.
Ra5 h3 47. Rxa7 h2 48. Rh7 Ra2 49. Ke4 b3 50. Rh6+ Kf7 51. Kd3 Rg2 0-1

[Event "Aars"]
[Site "Aars"]
[Date "1995.??.??"]
[Round "5"]
[White "Larsen, Bent"]
[Black "Gausel, Einar"]
[Result "0-1"]
[WhiteElo "2515"]
[BlackElo "2495"]
[PlyCount "84"]
[EventDate "1995.10.??"]
[EventType "tourn"]
[EventRounds "9"]
[EventCountry "DEN"]
[EventCategory "9"]
[SourceTitle "SE base"]
[Source "ABZ"]
[SourceDate "2005.05.09"]
[SourceVersion "1"]
[SourceVersionDate "2005.05.09"]
[SourceQuality "1"]

1. e4 e6 2. d4 d5 3. Nc3 Nf6 4. e5 Nfd7 5. f4 c5 6. Nf3 Nc6 7. Be3 cxd4 8. Nxd4
Bc5 9. Qd2 O-O 10. O-O-O a6 11. h4 Bxd4 12. Bxd4 b5 13. h5 b4 14. Na4 Qc7 15.
Kb1 a5 16. Bf2 Ba6 17. Bxa6 Rxa6 18. Nc5 Nxc5 19. Bxc5 Rc8 20. Bd6 Qd7 21. g4
Na7 22. h6 g6 23. f5 Nb5 24. Rhf1 Nxd6 25. exd6 Qxd6 26. fxg6 fxg6 27. Qd4 Rc7
28. Rf6 Ra8 29. Qe3 Re8 30. Rdf1 a4 31. Qf2 b3 32. cxb3 axb3 33. axb3 Qb4 34.
Rf4 Qe7 35. Qd4 Ra8 36. b4 Rca7 37. b5 Ra1+ 38. Kc2 Rc8+ 39. Kb3 Rxf1 40. Rxf1
Qd7 41. Qb4 d4 42. Ka2 Qd5+ 0-1